000 00413nam a2200169Ia 4500
001 30599
003 IN-NITTTR
005 20251114233413.0
008 251113s9999||||xx |||||||||||||| ||eng||
040 _beng
040 _cIN-NITTTR
041 _aeng
082 _a671 R784P
100 _aRowe, Geoffrey W.
245 0 _aPrinciples of industrial metalworking processes /
_cRowe, Geoffrey W.
942 _2ddc
_cBK
999 _c33229
_d33229